000 01420nam a2200265Ia 4500
999 _c49332
_d49332
001 16249
003 GE_BSU
005 20240812170841.0
008 181216s2009||||ge |||||||||||||| ||geo||
020 _a9789941130762
040 _cGE_BSU
041 _ageo
080 _a330.534+31 მ-34
100 _aმარშავა, ქეთევან
_95065
245 _aეროვნულ ანგარიშთა სისტემა :
_bთეორია, პრაქტიკა, ანალიზი : [სახელმძღვ.] /
_cქეთევან მარშავა, მაია მინდორაშვილი ; [რედ. როზეტა ასათიანი].
264 _aთბილისი
_bთბილ. უნ-ტის გამ-ბა,
_c2009
300 _a356 გვ. :
_bცხრ. ;
_c25 სმ.
300 _bდანართები: გვ. 343-353. - ინგლ.-ქართ. ტერმინები: გვ. 336-342ბიბლიოგრ.: 354-356.
541 _h26ლ.50თ
653 _a ეროვნული ანგარიშები
653 _a ეროვნული სიმდიდრე
653 _a ეროვნული ანგარიშების სტატისტიკა
700 _aმინდორაშვილი, მაია.
_eქავტორი
_923072
942 _cBK
_2udc